Country flags with symmetry - Statistics

General Stats
  • This quiz has been taken 78 times
  • The average score is 54 of 86
Answer Stats
Symmetry form Country % Correct
Horizontal France
81%
Horizontal Italy
81%
Vertical Germany
79%
Horizontal / Vertical / 180° Rotational Japan
79%
Horizontal Belgium
77%
Vertical Netherlands
77%
Vertical Russia
77%
180° Rotational United Kingdom
77%
Horizontal Norway
74%
Vertical Poland
74%
Horizontal Sweden
74%
Vertical Canada
72%
Horizontal Ireland
72%
Vertical Niger
72%
Horizontal / Vertical / 180° Rotational Nigeria
72%
Vertical Ukraine
72%
Vertical Colombia
70%
Vertical India
70%
Vertical Indonesia
70%
Horizontal / Vertical / 180° Rotational Thailand
70%
Vertical Albania
67%
Horizontal Denmark
67%
Horizontal Iceland
67%
Horizontal / Vertical / 180° Rotational Israel
67%
Vertical Lithuania
67%
Vertical Luxembourg
67%
Horizontal Mali
67%
Vertical Monaco
67%
Vertical Morocco
67%
Horizontal Romania
67%
Vertical Somalia
67%
Vertical Yemen
67%
Vertical Estonia
65%
Horizontal Finland
65%
Horizontal Palau
65%
Horizontal Qatar
65%
Horizontal / Vertical / Diagonal (with both diagonals) / 90° Rotational Switzerland
65%
Horizontal / Vertical / 180° Rotational Austria
63%
Horizontal Bangladesh
63%
Horizontal Chad
63%
Vertical Hungary
63%
Horizontal / Vertical / 180° Rotational Laos
63%
Vertical Latvia
63%
Horizontal / Vertical / 180° Rotational North Macedonia
63%
Vertical Argentina
60%
Horizontal Bahrain
60%
Vertical Bulgaria
60%
Vertical Burundi
60%
Vertical Gambia
60%
Vertical Ghana
60%
Vertical Honduras
60%
Horizontal Turkey
60%
Vertical Venezuela (without coat of arms)
60%
Vertical Vietnam
60%
Vertical Antigua and Barbuda
58%
Vertical Armenia
58%
Vertical Cambodia
58%
Horizontal / Vertical / 180° Rotational Jamaica
58%
Vertical Mauritania
58%
Vertical Myanmar
58%
Horizontal / Vertical / 180° Rotational Peru (without coat of arms)
58%
Vertical Bolivia (without coat of arms)
56%
Horizontal / Vertical / 180° Rotational Costa Rica (without coat of arms)
56%
Horizontal Guinea
56%
Horizontal Guyana
56%
Horizontal / Vertical / 180° Rotational Micronesia
56%
Horizontal Saint Lucia
56%
180° Rotational Trinidad and Tobago
56%
Horizontal Tunisia
56%
Vertical Barbados
53%
Vertical Gabon
53%
Vertical Suriname
53%
Vertical Syria
53%
Horizontal Algeria
51%
Horizontal / Vertical / 180° Rotational Botswana
51%
Horizontal Cuba
51%
Horizontal Ivory Coast
51%
Vertical Mauritius
51%
Horizontal Bahamas
49%
Horizontal / Vertical / 180° Rotational Georgia
49%
Vertical Kenya
49%
Vertical Malawi
49%
Vertical Burkina Faso
47%
Vertical Sierra Leone
44%
Vertical Tajikistan
44%
Horizontal Maldives
40%
No matching quizzes found
Score Distribution
Percent of People with Each Score
Percentile by Number Answered
Your Score History
You have not taken this quiz